| 000 | 006020000a22001810004500 | ||
|---|---|---|---|
| 003 | MACL | ||
| 005 | 20160225123621.0 | ||
| 008 | 160225b xxu||||| |||| 00| 0 eng d | ||
| 040 |
_aMACL _cMACL |
||
| 041 | _aHindi | ||
| 082 | _a800 | ||
| 100 |
_aकपिलदेव दिवेदी आचार्य _940317 |
||
| 245 | _aअर्थविज्ञान और व्याकरणदर्शन | ||
| 260 |
_bहिन्दुस्तानी एकेडेमी _c1951 _aइलाहाबाद |
||
| 350 | _a12 | ||
| 650 |
_aLiteracture _939932 |
||
| 942 |
_cHIN _k800 _2ddc |
||
| 999 |
_c25784 _d25784 |
||